000
00330nam a2200133Ia 4500
008
191201s2005 xx 000 0 und d
082
_a
530
_b
SIS
100
_a
Singhal, R L
245
0
_a
Solid State Physics
260
_a
N.Delhi
_b
Kedar Nath Ram Nath and Co. Meerut
_c
2005
300
_a
476
650
_a
Applied
942
_2
ddc
_c
BK
999
_c
1280
_d
1280